MDQL
is popping MORE tags! Check the
thread
!
Quizzes
Events
Quiz Creation
Community
Videos
Private Events
Remove Ads
Sign In
Join for FREE
Feedback
Dark Mode
Quiz Categories
Sports
Geography
Music
Movies
Television
Just For Fun
Miscellaneous
History
Literature
Language
Science
Gaming
Entertainment
Religion
Holiday
For Kids
Quiz Lab
Recent
Popular Today
Quiz Kudos Today
Editor Picks
Curator Picks
Quizzes by...
Day
Popularity
Type
Ratings
Length
Year
Community
Subscriptions
Recent Discussions
Orange Saloon
Badges
Playlists
Quests
Create
Leaderboards
Showdown
Live 5
Trivia Bingo
Activity
Puzzle Library
Sporcle Events
Private Events
Virtual Trivia
Globe League
Become a Host
Pub Owners
SporcleCon
Opinionation
Our Games
Videos
Blog
Mobile Apps
Partnerships
Remove Ads and Go Orange
Feedback
Geography
Country
Landmarks
City
State
Population
World
Capital
Continent
Flags
Europe
Africa
Asia
South America
North America
Oceania
Border
Canada
United Kingdom
Topography
United States
Geography
Country
Landmarks
City
State
Population
World
Capital
Continent
Flags
Europe
Africa
Asia
South America
North America
Oceania
Border
Canada
United Kingdom
Topography
United States
Random Quiz
Search Sporcle
×
Quiz Lab
Quiz Lab
Geography
Country
Type in answers that appear in a list
Type in answers that appear in a list
Classic
Best Score? Go Orange.
Country Name - Same Exonym & Endonym Stats
Can you name the countries that have the same name in English as in their MOST PREVALENT language?
By
LondonBlue
12m
88 Questions
1,273 Plays
1,273 Plays
1,273 Plays
Comments
Comments
Give Quiz Kudos
Give Quiz Kudos
-
- Ratings
hide this ad
Replay
Link that replays current quiz
Next Quiz
Link to next quiz in quiz playlist
You Got
0%
They Got
Avg Score
64%
Avg Friend Score
Upgrade to see
Score Distribution
Jump to the score distribution portion of the page
Score
0/88
Timer
12:00
0
Plays Today
Country
% Correct
United Kingdom
92.3%
United States of America
90.8%
Canada
87.7%
Australia
87.6%
Mexico
85.5%
New Zealand
83.4%
Argentina
82.5%
France
81.1%
Chile
78.9%
Ireland
78.7%
Colombia
77.5%
Cuba
76.3%
Peru
75.9%
Venezuela
75.8%
Uruguay
75%
Portugal
74.4%
Jamaica
74.3%
Honduras
74.2%
Haiti
74%
Panama
73.9%
Belize
72.5%
Costa Rica
72.4%
Guatemala
72.1%
El Salvador
71.7%
Guyana
71.5%
Bahamas
71%
Ecuador
70.6%
St Kitts and Nevis
70.1%
Nicaragua
69.8%
Dominica
69.5%
Country
% Correct
Niger
68.7%
Bolivia
68.4%
Suriname
68.4%
Fiji
68.3%
Andorra
67.3%
Barbados
66.8%
Kenya
66.6%
Trinidad and Tobago
66.1%
Iran
65.9%
St Vincent and the Grenadines
65.7%
St Lucia
65%
Antigua and Barbuda
63.9%
Ghana
63.6%
Indonesia
63.2%
Rwanda
62.8%
Angola
62.5%
Samoa
60.8%
Togo
60.5%
Vanuatu
60.4%
Vietnam
60.1%
Mali
60%
Tonga
59.8%
Tuvalu
59.6%
Marshall Islands
59.4%
Grenada
59.1%
Liechtenstein
59.1%
Uganda
59.1%
Nauru
59%
Lesotho
58.8%
Monaco
58.8%
Country
% Correct
San Marino
58.8%
Malaysia
58.8%
Luxembourg
58.4%
Malta
57.9%
Kiribati
57.3%
Singapore
56.5%
Benin
56.4%
Liberia
56.2%
Namibia
55.1%
Burundi
54.6%
The Gambia
54.5%
Tanzania
54.5%
Nepal
54.4%
Botswana
53.7%
Federated States of Micronesia
53.1%
Romania
52.5%
Gabon
51.9%
Qatar
51.3%
Sri Lanka
50.6%
Turkmenistan
50.5%
Bangladesh
49.5%
Malawi
49.2%
Kyrgyzstan
48.5%
Burkina Faso
47.5%
Brunei
47.4%
Côte d'Ivoire
46.1%
Belarus
43.8%
Moldova
41.7%
Quiz Playlist
Details
Report
Send in Message
Add To Playlist
Classic:
Type in answers that appear in a list
Quiz Source
Last Updated: Aug 26, 2017
Quiz Scoreboard
CHALLENGE
Sign Up to Join the Scoreboard
Show All
Scores
Hide
Comments
May contain spoilers
Recently Published
Colored Red Africa Blitz
by spor1
Geography
30s
Find the 'City' Movie
by crazypaving
Movies
60s
5x2 Blitz: Bands
by SL_Kpop136
Music
30s
More to Explore
Quiz From the Vault
Featured Blog Post
14 Easter Pick-up Lines to Find Eggs With
hide this ad
You Might Also Like...
Tags
Country Quiz
Endonym
English
Exo
Exonym
Prevalent
same
Today's Top Quizzes in Geography
Browse Geography
hide this ad
Today's Top Quizzes in Country
Browse Country
Top Contributed Quizzes in Geography
1
Colored Red Europe Blitz I
2
Countries of the World - No Outlines Minefield
3
Colored Red Africa Blitz II
4
Colored Red Europe Blitz II
5
Colored Red Europe Blitz III
6
Colored Red Africa Blitz III
7
Colored Red States Blitz I
8
Colored Red States Blitz II
9
Lietuvos savivaldybės (Lithuanian Municipalities)
10
A Different View: World Oceans
Explore More
Trending Topics
Kpop
Anime
Disney
NBA
Harry Potter
Crossword
Marvel
WWE
The Office
NFL
Soccer
Puzzle
Pokémon
Country
Song
hide this ad
More By:
LondonBlue
Quiz
Plays
Rating
Category
Featured
Created
2010 World Cup Teams
419,836
4.62
Sports
Nov 18, 2009
Alphabetical Capitals
104,244
4.05
Geography
Apr 3, 2012
English Football League Champions
7,254
4.20
Sports
Sep 25, 2009
Tennis Masters Title Winners
6,943
4.57
Sports
Nov 3, 2009
Medical Specialties
6,151
4.27
Science
Sep 25, 2009
Go to Creator's Profile
Score Distribution
Quiz Creator Spotlight
LondonBlue
Follow
Send a Message
Quizzes Created
-
Created Quiz Play Count
-
More By This Creator
Popular Quizzes Today
1
Colored Red Africa Blitz
2
Find the 'City' Movie
3
5x2 Blitz: Bands
4
Find the US States - No Outlines Minefield
5
The Countries of the World
6
Find the US States
7
US States
8
Find the Countries of Europe - No Outlines Minefield
More Geography Quizzes
Minefield Map: 11-Letter Capitals
Published
Trending Quizzes
Colored Red Europe Blitz I
Colored Red Europe Blitz II
Colored Red Africa Blitz II
Colored Red Europe Blitz III
Colored Red Africa Blitz III
Recently Updated
How Do You Spell That?
pecheneg
Godzilla Movies
pecheneg
Grab Bag: 4-10 Letters
pecheneg
2024 March Madness Bracket
pecheneg
Famous TV Couples
Peacemaker
Champions League XIs: Real Madrid
pecheneg
Largest US Cities 1790-2010
pecheneg
Rides in Walt Disney World
pecheneg
Most Oscar Losses (Acting)
pecheneg
Beyoncé Albums
pecheneg
Trending Topics
Marvel
NBA
Anime
Kpop
Crossword
Disney
Harry Potter
NFL
Country
Puzzle
Soccer
Pokémon
Song
WWE
The Office
Your Account Isn't Verified!
In order to create a playlist on Sporcle, you need to verify the email address you used during registration. Go to your
Sporcle Settings
to finish the process.
Report this User
Report this user for behavior that violates our
Community Guidelines
.
Details:
Send Report
Go to the Sporcle.com Mobile Site →
Comments